000 00236nam a2200085Ia 4500
245 0 _aTop secret rendezvous
100 _a HUDSON-SMITH, Linda Washington DC, 2003
_978326
942 _cBK
008 210817s9999 xx 000 0 und d
999 _c270451
_d270451